Перлини духовності: твори української світської літератури від часів Київської Русі до ХVII століття (Запис № 321680)

МАРК-запис
000 -LEADER
fixed length control field 00999nam a22002657a 4500
001 - CONTROL NUMBER
control field 35313
003 - CONTROL NUMBER IDENTIFIER
control field UA-OsUOA
005 - DATE AND TIME OF LATEST TRANSACTION
control field 20260421095213.0
007 - PHYSICAL DESCRIPTION FIXED FIELD--GENERAL INFORMATION
fixed length control field ta
008 - FIXED-LENGTH DATA ELEMENTS--GENERAL INFORMATION
fixed length control field 20051121b un ||||| |||| 00| 0 ukr d
020 ## - INTERNATIONAL STANDARD BOOK NUMBER
International Standard Book Number 9668066065
040 ## - CATALOGING SOURCE
Original cataloging agency UA-OsUOA
Language of cataloging ukr
Transcribing agency UA-OsUOA
Modifying agency UA-OsUOA
041 ## - LANGUAGE CODE
Language code of text/sound track or separate title ukr
080 ## - UNIVERSAL DECIMAL CLASSIFICATION NUMBER
Universal Decimal Classification number 821.161.2
090 ## - LOCALLY ASSIGNED LC-TYPE CALL NUMBER (OCLC); LOCAL CALL NUMBER (OCLC)
Classification number (OCLC) (R) ; Classification number, CALL (RLIN) (NR) 821.161.2
Local cutter number (OCLC) ; Book number/undivided call number, CALL (RLIN) П27
245 ## - TITLE STATEMENT
Title Перлини духовності: твори української світської літератури від часів Київської Русі до ХVII століття
Remainder of title навчальний посібник
Statement of responsibility, etc упоряд. В. В. Різун
Number of part/section of a work Кн. 1
260 ## - PUBLICATION, DISTRIBUTION, ETC. (IMPRINT)
Place of publication, distribution, etc К.
Name of publisher, distributor, etc Грамота
Date of publication, distribution, etc 2003
300 ## - PHYSICAL DESCRIPTION
Extent 560 с.
490 ## - SERIES STATEMENT
Series statement Шкільна бібліотека
650 #7 - SUBJECT ADDED ENTRY--TOPICAL TERM
Topical term or geographic name as entry element 821.161.2 Українська література
Source of heading or term UDC
9 (RLIN) 41
700 1# - ADDED ENTRY--PERSONAL NAME
Personal name Різун В. В.
Relator term упоряд.
9 (RLIN) 20881
942 ## - ADDED ENTRY ELEMENTS (KOHA)
Koha item type Книги
Source of classification or shelving scheme Universal Decimal Classification
955 ## - COPY-LEVEL INFORMATION (RLIN)
Classification number, CCAL (RLIN) Літературно-художні видання
Фонди
Withdrawn status Lost status Source of classification or shelving scheme Damaged status Not for loan Home library Current library Date acquired Cost, normal purchase price Inventory number Total Checkouts Full call number Barcode Date last seen Price effective from Koha item type Source of acquisition Collection code Cost, replacement price
    Universal Decimal Classification     АБ - Абонемент НБ АБ - Абонемент НБ 02/03/2005 25.00 83443   821.161.2(075.3) П27 83443 04/04/2022 07/09/2004 Книги      
    Universal Decimal Classification     АБ - Абонемент НБ АБ - Абонемент НБ 02/03/2005 25.00 83444   821.161.2(075.3) П27 83444 04/04/2022 07/09/2004 Книги      
    Universal Decimal Classification     АБ - Абонемент НБ АБ - Абонемент НБ 02/03/2005 25.00 83445   821.161.2(075.3) П27 83445 13/07/2019 07/09/2004 Книги      
    Universal Decimal Classification     АБ - Абонемент НБ АБ - Абонемент НБ 02/03/2005 25.00 83446   821.161.2(075.3) П27 83446 04/04/2022 07/09/2004 Книги      
    Universal Decimal Classification     АБ - Абонемент НБ АБ - Абонемент НБ 02/03/2005 25.00 83447   821.161.2(075.3) П27 83447 04/04/2022 07/09/2004 Книги      
    Universal Decimal Classification     АБ - Абонемент НБ АБ - Абонемент НБ 02/03/2005 25.00 83448   821.161.2(075.3) П27 83448 04/04/2022 07/09/2004 Книги      
    Universal Decimal Classification     АБ - Абонемент НБ АБ - Абонемент НБ 07/09/2004 7.26 93354   821.161.2(075.3) П27 93354 04/04/2022 07/09/2004 Книги      
    Universal Decimal Classification     АБ - Абонемент НБ АБ - Абонемент НБ 07/09/2004 7.26 93355   821.161.2(075.3) П27 93355 04/04/2022 07/09/2004 Книги      
    Universal Decimal Classification     АБ - Абонемент НБ АБ - Абонемент НБ 07/09/2004 7.26 93356   821.161.2(075.3) П27 93356 04/04/2022 07/09/2004 Книги      
    Universal Decimal Classification     АБ - Абонемент НБ АБ - Абонемент НБ 21/11/2005 22.40 88783   821.161.2 П27 88783 04/04/2022 21/11/2005 Книги 133/2005    
    Universal Decimal Classification     АБ - Абонемент НБ АБ - Абонемент НБ 21/11/2005 22.40 88784   821.161.2 П27 88784 04/04/2022 21/11/2005 Книги 133/2005    
    Universal Decimal Classification     АБ - Абонемент НБ АБ - Абонемент НБ 07/04/2026 50.00     821.161.2 П27 169771 07/04/2026 07/04/2026 Книги №17/31.03.2026 Колекція Шевчука Валерія 50.00
    Universal Decimal Classification     ЧЗ - Читальна зала ЧЗ - Читальна зала 10/05/2005 25.00 84905   821.161.2(075.3) П27 84905 16/11/2021 07/09/2004 Книги